تدقيق الحسابات الاجراءات / (Record no. 33081)
[ view plain ]
| 000 -LEADER | |
|---|---|
| fixed length control field | 01103nam a2200253Ii 4500 |
| 003 - CONTROL NUMBER IDENTIFIER | |
| control field | JO-AjNU |
| 005 - DATE AND TIME OF LATEST TRANSACTION | |
| control field | 20231202112348.0 |
| 008 - FIXED-LENGTH DATA ELEMENTS--GENERAL INFORMATION | |
| fixed length control field | 230605s9999||||xx |||||||||||||| ||und|| |
| 040 ## - CATALOGING SOURCE | |
| Original cataloging agency | JO-AjNU |
| Language of cataloging | ara |
| Description conventions | rda |
| Transcribing agency | JO-AjNU |
| 041 ## - LANGUAGE CODE | |
| Language code of text/sound track or separate title | ara |
| 050 ## - LIBRARY OF CONGRESS CALL NUMBER | |
| Classification number | HF5667. |
| Item number | Q23 2000 |
| 100 #1 - MAIN ENTRY--PERSONAL NAME | |
| Personal name | القاضي، حسين يوسف |
| 9 (RLIN) | 64577 |
| Relator term | مؤلف |
| 245 #0 - TITLE STATEMENT | |
| Title | تدقيق الحسابات الاجراءات / |
| Statement of responsibility, etc. | حسين يوسف القاضي، حسين احمد دحدوح |
| 250 ## - EDITION STATEMENT | |
| Edition statement | الطبعة الاولى |
| Remainder of edition statement | الاصدار الاول |
| 260 ## - PUBLICATION, DISTRIBUTION, ETC. | |
| Place of publication, distribution, etc. | عمان : |
| Name of publisher, distributor, etc. | الدار العلمية الدولية للنشر والتوزيع، دار الثقافة للنشر والتوزيع، |
| Date of publication, distribution, etc. | 2000 |
| 300 ## - PHYSICAL DESCRIPTION | |
| Extent | 384 صفحة |
| 336 ## - CONTENT TYPE | |
| Content type term | text |
| Content type code | txt |
| Source | rdacontent |
| 337 ## - MEDIA TYPE | |
| Media type term | unmediated |
| Media type code | n |
| Source | rdamedia |
| 338 ## - CARRIER TYPE | |
| Carrier type term | volume |
| Carrier type code | nc |
| Source | rdacarrier |
| 504 ## - BIBLIOGRAPHY, ETC. NOTE | |
| Bibliography, etc. note | يحتوي على مراجع باللغتين العربية والانجليزية |
| 650 40 - SUBJECT ADDED ENTRY--TOPICAL TERM | |
| Topical term or geographic name entry element | المحاسبة-مراجعة الحسابات-تدقيق |
| 9 (RLIN) | 64578 |
| 700 #1 - ADDED ENTRY--PERSONAL NAME | |
| Personal name | دحدوح، حسين احمد |
| 9 (RLIN) | 64579 |
| Relator term | مؤلف مشارك |
| 942 ## - ADDED ENTRY ELEMENTS (KOHA) | |
| Source of classification or shelving scheme | Library of Congress Classification |
| Koha item type | Books |
| Withdrawn status | Lost status | Source of classification or shelving scheme | Damaged status | Not for loan | Home library | Current library | Shelving location | Date acquired | Total Checkouts | Barcode | Date last seen | Price effective from | Koha item type |
|---|---|---|---|---|---|---|---|---|---|---|---|---|---|
| Library of Congress Classification | مكتبة جامعة عجلون الوطنية | مكتبة جامعة عجلون الوطنية | المجموعات العامة | 06/06/2023 | A29513 | 06/06/2023 | 06/06/2023 | Books |